000 00481nam a2200193Ia 4500
005 20240913125212.0
008 240913s9999||||xx |||||||||||||| ||und||
041 _aENGLISH
082 _A660.281 P2
100 _aAndrew W G
245 0 _aApplied Instrumentation in the Process Industries
250 _a2nd
260 _c2002
_bGPC,London
500 _aREFERENCE
650 _aInstrumentation
_bInstrumentation
700 _a Williams H B
942 _cREF
999 _c245036
_d245036